【共通テスト化学】無機物質の用途 - Statistics

General Stats
  • This quiz has been taken 10 times
  • The average score is 23 of 39
Answer Stats
Hint Answer % Correct
Ne ネオンサイン
83%
C(ダイヤモンド) 宝石,ガラスカッター
83%
C(黒鉛) 電極,鉛筆の芯
83%
Li リチウムイオン電池
83%
Na ナトリウムランプ
83%
K カリウム肥料
83%
NaHCO3 重曹,ベーキングパウダー,胃薬
83%
CaSO4・2H2O ギブス,石膏
83%
Sn 合金,ブリキ
83%
SiO2
ガラス,光ファイバー
83%
Ar 白熱電球
67%
I2 うがい薬
67%
シリカゲル,CaO,CaCl2 乾燥剤
67%
CaCO3 チョーク,大理石
67%
Al 航空機,送電線,合金
67%
Pb 鉛蓄電池,はんだ
67%
Au 電子機器のめっき,金箔,赤色ガラス
67%
Pt 自動車排気ガス浄化装置,電極,白金線
67%
H2 燃料電池
50%
HF ガラスに目盛りをつける等
50%
AgBr 感光剤
50%
H2O2 消毒殺菌剤(オキシドール)
50%
N2 冷却材,食品包装充填ガス
50%
NH3 窒素肥料
50%
活性炭 脱臭剤,水質浄化
50%
Si 集積回路,半導体
50%
NaCl 融雪剤
50%
Al2O3 サファイア,ルビー
50%
Cu 電線,導線,合金
50%
Zn トタン,白色顔料
50%
Ag 食器,鏡
50%
He 飛行船,MRI
50%
P マッチ箱の側薬
33%
Ca(H2PO4)2,CaSO4 リン酸肥料
33%
Fe 脱酸素剤,顔料(紺青)
33%
Hg 蛍光灯,朱(赤色顔料)
33%
Cl2 殺菌剤
17%
NaClO 漂白剤
17%
KClO3 花火・マッチの頭薬
17%
No matching quizzes found
Score Distribution
Percent of People with Each Score
Percentile by Number Answered
Your Score History
You have not taken this quiz